El horizonte humano: la propuesta de Jesús
Saved in:
| Main Authors: | , |
|---|---|
| Format: | Bog |
| Sprog: | spansk |
| Udgivet: |
Córdoba
El Almendro
1988
|
| Udgivelse: | 4a. ed |
| Serier: | En torno al Nuevo Testamento, 2
|
| Fag: | |
| Tags: |
Tilføj Tag
Ingen Tags, Vær først til at tagge denne postø!
|
MARC
| LEADER | 00000nam a2200000 a 4500 | ||
|---|---|---|---|
| 001 | UCY0063 | ||
| 003 | CL-VaPUC | ||
| 008 | 940708e19880000SP |||||||||||||||||spa|d | ||
| 020 | |a 8486077613 | ||
| 082 | 0 | 4 | |a 232 |b MAT |2 21 |
| 100 | |a Mateos Alvarez, Juan José |e autor |9 314392 | ||
| 700 | 0 | |a Camacho, Fernando |e author |9 327652 | |
| 245 | 1 | 3 | |a El horizonte humano: la propuesta de Jesús |
| 250 | |a 4a. ed | ||
| 300 | |a 200 p | ||
| 942 | |c BK | ||
| 945 | |d 19940708 00:00:00 |a aalvarez | ||
| 260 | |a Córdoba |b El Almendro |c 1988 | ||
| 600 | 0 | |a Jesús |9 313614 | |
| 650 | 7 | |a JUDIOS HASTA 70 D.C |2 CL-VaPUC |9 327653 | |
| 650 | 0 | |a Reino de Dios |9 327654 | |
| 583 | |a last modification |c 19940708 00:00:00 |k Rodrigo Vera | ||
| 490 | 0 | |a En torno al Nuevo Testamento, 2 | |
| 999 | |c 229153 |d 229151 | ||
| 952 | |0 0 |1 0 |4 0 |6 232_000000000000000_MAT_1988 |7 0 |8 A |9 229778 |a BIBTEO |b BIBTEO |d 2019-11-15 |i 299142K |o 232 MAT 1988 |p 299142K |r 2025-01-17 |w 2019-11-15 |y BK |k ICR | ||